[Event "'Blitz' for Under 1800"]
[Site "SchemingMind.com"]
[Date "2017.03.24"]
[Round "-"]
[White "Wojtek26"]
[Black "Phillip Beckett"]
[Result "1/2-1/2"]
[WhiteCountry "POL"]
[BlackCountry "ENG"]
[WhiteElo "1580"]
[WhiteRD "50"]
[BlackElo "1585"]
[BlackRD "62"]
[GameID "412135"]

1. e4 e5 2. Nf3 Nc6 3. c3 Nf6 4. Qc2 d6 5. d4 exd4 6. cxd4 Be7 7. Bb5 Bd7 8. Nc3 a6 9. Ba4 O-O 10. O-O b5
11. Bb3 Na5 12. Bg5 h6 13. Bh4 Nxb3 14. Qxb3 Be6 15. d5 Bd7 16. Rac1 Nh7 17. Bxe7 Qxe7 18. a3 Ng5 19. Nxg5 Qxg5 20. Ne2 Bh3
21. Ng3 h5 22. gxh3 h4 23. Rxc7 hxg3 24. fxg3 Rfc8 25. Rfc1 Qd8 26. Rxc8 Rxc8 27. Rxc8 Qxc8 28. h4 Qc1+ 29. Kg2 Qd2+ 30. Kh3 Qe2
31. Qb4 Qf1+ 32. Kg4 Qe2+ 33. Kh3 Qf1+ 34. Kg4 Qe2+ 35. Kh3 Qf1+ 36. Kg4 Qe2+ 37. Kh3=
1/2-1/2

[Event "'Blitz' for Under 1800"]
[Site "SchemingMind.com"]
[Date "2017.03.28"]
[Round "-"]
[White "Phillip Beckett"]
[Black "Quaff"]
[Result "0-1"]
[WhiteCountry "ENG"]
[BlackCountry "ENG"]
[WhiteElo "1585"]
[WhiteRD "62"]
[BlackElo "1597"]
[BlackRD "65"]
[GameID "412227"]

1. e4 e5 2. Nf3 d6 3. d4 exd4 4. Nxd4 h6 5. Nc3 Nf6 6. Be2 Be7 7. O-O Bd7 8. Kh1 Nc6 9. Be3 a6 10. Qd2 Nh7
11. Rad1 O-O 12. f4 f6 13. Bc4+ Kh8 14. Ne6 Bxe6 15. Bxe6 Qe8 16. Bb3 b5 17. Nd5 Bd8 18. Nc3 b4 19. Nd5 a5 20. c3 Rb8
21. Bc2 bxc3 22. bxc3 Ne7 23. Nxe7 Qxe7 24. Qd3 Qf7 25. Bb3 Qe7 26. Bc2 Qf7 27. e5 f5 28. exd6 cxd6 29. Qxd6 Bc7 30. Qd2 Qxa2
31. Bb1 Qxd2 32. Bxd2 a4 33. Bd3 a3 34. Ra1 Bd6 35. Bc1 Ra8 36. Rf2 g6 37. Rfa2 Rfd8 38. Bf1 Nf6 39. c4 Ne4 40. Bxa3 Rxa3
41. Rxa3 Bxa3 42. Rxa3 Rd1 43. Kg1 Nd2 44. h3 Rxf1+ 45. Kh2 Nxc4 46. Rf3 Rxf3 47. gxf3 Kg7 48. Kg3 Kf6 49. h4 h5 50. Kh3 Nd2
51. Kg3 Ke6 52. Kf2 Kd5 53. Ke3 Nc4+ 54. Kf2 Kd4 55. Ke2 Ne3 56. Kf2 Kd3 57. Kg3 Ke2 58. Kh3 Kxf3 59. Kh2 Kxf4
0-1

[Event "'Blitz' for Under 1800"]
[Site "SchemingMind.com"]
[Date "2017.03.28"]
[Round "-"]
[White "Quaff"]
[Black "Wojtek26"]
[Result "1-0"]
[WhiteCountry "ENG"]
[BlackCountry "POL"]
[WhiteElo "1597"]
[WhiteRD "65"]
[BlackElo "1580"]
[BlackRD "50"]
[GameID "412228"]

1. e4 e5 2. Nf3 Nc6 3. Bc4 Nf6 4. d3 Bc5 5. c3 O-O 6. b4 Bb6 7. a4 a5 8. b5 Ne7 9. Nxe5 d6 10. Nf3 Bg4
11. Nbd2 Ng6 12. h3 Bxf3 13. Nxf3 Nd7 14. Bd5 Rb8 15. O-O Nf6 16. Bg5 Qd7 17. Bxf6 gxf6 18. Nh2 c6 19. bxc6 bxc6 20. Ba2 Bc7
21. Ng4 Kg7 22. Qd2 f5 23. Qh6+ Kh8 24. Nf6
1-0

[Event "'Blitz' for Under 1800"]
[Site "SchemingMind.com"]
[Date "2017.03.29"]
[Round "-"]
[White "Scooter"]
[Black "Quaff"]
[Result "1-0"]
[WhiteCountry "USA"]
[BlackCountry "ENG"]
[WhiteElo "1707"]
[WhiteRD "53"]
[BlackElo "1597"]
[BlackRD "65"]
[GameID "412283"]

1. d4 c6 2. Bf4 d5 3. Nf3 h6 4. h3 Nf6 5. e3 e6 6. Be2 Bd6 7. Bxd6 Qxd6 8. c3 Nbd7 9. O-O O-O 10. Nbd2 Nh7
11. c4 f6 12. c5 Qe7 13. b4 a6 14. a4 e5 15. b5 a5 16. b6 e4 17. Nh4 Qf7 18. Nf5 Nxb6 19. Bh5 Qe6 20. Nd6 Ng5
21. Bg4 Qe7 22. Nf5 Bxf5 23. Bxf5 Nc8 24. Qh5 Qe8 25. Bg6 Qd7 26. h4 Nh7 27. Bf5 Qf7 28. Qg4 Qe8 29. Be6+ Kh8 30. Rab1 Qe7
31. Bd7 Rd8 32. Rxb7 Ra7 33. Bxc8 Rxb7 34. Bxb7 Qxb7 35. Rb1 Qc7 36. Rb6 Nf8 37. Nb3 Nd7 38. Ra6 Rb8 39. Nd2 Nf8 40. Qg3 Qxg3
41. fxg3 Rc8 42. Rxa5 Ne6 43. Ra6 g5 44. a5 Kg8 45. Rb6 Nd8 46. a6 Kf7 47. a7 Ra8 48. Rb8 Rxa7 49. Rxd8 Ra6 50. h5 Ra7
51. Rc8 Ra6 52. Rc7+ Kg8 53. Rb7 f5 54. Rb6
1-0

[Event "'Blitz' for Under 1800"]
[Site "SchemingMind.com"]
[Date "2017.03.29"]
[Round "-"]
[White "Scooter"]
[Black "Phillip Beckett"]
[Result "1-0"]
[WhiteCountry "USA"]
[BlackCountry "ENG"]
[WhiteElo "1707"]
[WhiteRD "53"]
[BlackElo "1585"]
[BlackRD "62"]
[GameID "412284"]

1. d4 d5 2. Bf4 Nf6 3. Nf3 e6 4. e3 c5 5. Bb5+ Bd7 6. Bxd7+ Nbxd7 7. c3 Qb6 8. Qb3 c4 9. Qc2 a5 10. b3 cxb3
11. axb3 Bd6 12. Bxd6 Qxd6 13. O-O O-O 14. Nbd2 Rfc8 15. c4 dxc4 16. bxc4 b6 17. Rfc1 Nd5 18. Ng5 g6 19. Nge4 Qe7 20. Qb3 Nb4
21. Nb1 Nf6 22. Nbc3 Nxe4 23. Nxe4 f5 24. Nd2 Kg7 25. Nf3 h6 26. Ne5 g5 27. Nd3 Nxd3 28. Qxd3 Qd6 29. Qa3 Qxa3 30. Rxa3 Rc6
31. Rac3 Rac8 32. g3 Kf7= 33. Kg2 Ke7 34. f4 g4 35. h3 h5 36. hxg4 hxg4 37. Kf2 Rh8= 38. R1c2 Rh2+ 39. Kf1 Rxc2 40. Rxc2 Kd6
41. Ke2 Kd7 42. Kd3 Rc8 43. e4 Rh8 44. exf5 exf5 45. Kc3 Rh1 46. Kb3 Rg1 47. Rc3 Rb1+ 48. Ka4 Rf1 49. Rc2 Ra1+ 50. Kb3 Rd1
51. d5 Rd3+ 52. Rc3 Rd1 53. Ka4 Ra1+ 54. Ra3 Rb1 55. Rb3 Ra1+= 56. Kb5 a4 57. Rc3 a3 58. Kb4 a2 59. Kb3 Rf1 60. Kxa2 Rf3
61. Kb3 Kd6 62. Kc2 b5 63. cxb5 Kxd5 64. b6 Rxc3+ 65. Kxc3 Kc6 66. Kd4 Kxb6 67. Ke5
1-0

[Event "'Blitz' for Under 1800"]
[Site "SchemingMind.com"]
[Date "2017.04.02"]
[Round "-"]
[White "Wojtek26"]
[Black "Scooter"]
[Result "0-1"]
[WhiteCountry "POL"]
[BlackCountry "USA"]
[WhiteElo "1580"]
[WhiteRD "50"]
[BlackElo "1707"]
[BlackRD "53"]
[GameID "412285"]

1. e4 c6 2. d4 d5 3. e5 Bf5 4. Bd3 Bxd3 5. Qxd3 e6 6. Nf3 Nd7 7. O-O c5 8. c3 cxd4 9. cxd4 Ne7 10. Bg5 h6
11. Bh4 Qb6 12. b3 Nf5 13. Bg3 Be7 14. Nbd2 O-O 15. Rfc1 Rac8 16. Nf1 Ba3 17. Rxc8 Rxc8 18. N1d2 Bb2 19. Rb1 Bxd4 20. Nxd4 Qxd4
21. Qxd4 Nxd4 22. f4 Ne2+ 23. Kf2 Nxg3 24. hxg3 Rc2 25. Ke2 Nc5 26. Kd1 Rxa2 27. b4 Nd3 28. b5 Rb2 29. Rxb2 Nxb2+ 30. Kc2 Na4
31. Nb3 b6 32. Nd4 Nc5 33. Nc6 a6 34. bxa6 Nxa6 35. Ne7+ Kf8 36. Nc8 b5 37. Nd6 b4 38. Nb5 Nc5 39. Nd4 Ke7 40. Nc6+ Kf8
41. Nxb4 Ne4 42. g4 Nf2 43. g5 hxg5 44. fxg5 Ne4 45. Kd3 Nxg5 46. Nc2 Ne4 47. Ne3 f6 48. exf6 gxf6 49. Kd4 Ke7 50. Ng4 Kf7
51. Ne3 Kg6 52. Ng4 Kg5 53. Ne3 Nd6 54. Kd3 Kf4 55. Ke2 Nf5 56. Nf1 Ng3+ 57. Nxg3 Kxg3
0-1

[Event "'Blitz' for Under 1800"]
[Site "SchemingMind.com"]
[Date "2017.03.30"]
[Round "-"]
[White "Quaff"]
[Black "emvarela"]
[Result "1-0"]
[WhiteCountry "ENG"]
[BlackCountry "ARG"]
[WhiteElo "1651"]
[WhiteRD "63"]
[BlackElo "1748"]
[BlackRD "60"]
[GameID "412310"]

1. e4 e5 2. Nf3 Nc6 3. Bc4 Bc5 4. c3 Qe7 5. b4 a6 6. bxc5 Na5 7. Bb3 h6 8. Ba3 c6 9. d3 Nf6 10. Nbd2 b5
11. O-O O-O 12. h3 Re8 13. Nh2 Nxb3 14. axb3 Qe6 15. b4 d6 16. f4 dxc5 17. f5 Qd7 18. Nb3 c4 19. Nc5 Qd6 20. Rf3 Rd8
21. Qe2 cxd3 22. Rxd3 Qe7 23. Rxd8+ Qxd8 24. Rd1 Qe7 25. Ng4 Nxg4 26. Qxg4 g6 27. Qg3 Kh7 28. fxg6+ fxg6 29. Qe3 Be6 30. Bc1 g5
31. Qg3 Bf7 32. Qf2 Be6 33. Qe3 Kg6 34. h4 Bg4 35. Rf1 Rd8 36. hxg5 hxg5 37. Nxa6 Rd1 38. Rxd1 Bxd1 39. Nc5
1-0

[Event "'Blitz' for Under 1800"]
[Site "SchemingMind.com"]
[Date "2017.03.30"]
[Round "-"]
[White "emvarela"]
[Black "Scooter"]
[Result "1-0"]
[WhiteCountry "ARG"]
[BlackCountry "USA"]
[WhiteElo "1739"]
[WhiteRD "59"]
[BlackElo "1707"]
[BlackRD "53"]
[GameID "412311"]

1. e4 c6 2. d4 d5 3. exd5 cxd5 4. c4 Nf6 5. Nc3 Bf5 6. Nf3 e6 7. Bg5 Be7 8. Bxf6 Bxf6 9. cxd5 exd5 10. Bb5+ Bd7
11. Qe2+ Be7 12. Nxd5 Bxb5 13. Qxb5+ Qd7 14. Qxd7+ Nxd7 15. Nc7+
1-0

[Event "'Blitz' for Under 1800"]
[Site "SchemingMind.com"]
[Date "2017.03.30"]
[Round "-"]
[White "emvarela"]
[Black "Phillip Beckett"]
[Result "1-0"]
[WhiteCountry "ARG"]
[BlackCountry "ENG"]
[WhiteElo "1739"]
[WhiteRD "59"]
[BlackElo "1585"]
[BlackRD "62"]
[GameID "412312"]

1. e4 e5 2. Nf3 Nc6 3. Bb5 a6 4. Bxc6 dxc6 5. O-O f6 6. d4 exd4 7. Nxd4 c5 8. Nb3 Qxd1 9. Rxd1 Bd7 10. Bf4 O-O-O
11. Nc3 Be7 12. Nd5 Bd6 13. Bxd6 cxd6 14. Nb6+ Kc7 15. Nxd7 Rxd7 16. c4 Ne7 17. Rd2 Rhd8 18. Rad1 Kc6 19. a3 b5 20. cxb5+ axb5
21. Na5+ Kb6 22. b4 cxb4 23. axb4 Ng6 24. g3 Ne5 25. Kg2 Nc6 26. Nxc6 Kxc6 27. Rc2+ Kb6 28. Rd5 Rc7 29. Rxc7 Kxc7 30. Rxb5 Rb8
31. Rxb8 Kxb8 32. Kf3 Kb7 33. Ke3 Kb6 34. Kd4 Kc6 35. f4 h5 36. h3 Kb5 37. Kd5 Kxb4 38. Kxd6 Kc4 39. e5
1-0

[Event "'Blitz' for Under 1800"]
[Site "SchemingMind.com"]
[Date "2017.04.02"]
[Round "-"]
[White "Wojtek26"]
[Black "emvarela"]
[Result "0-1"]
[WhiteCountry "POL"]
[BlackCountry "ARG"]
[WhiteElo "1567"]
[WhiteRD "50"]
[BlackElo "1748"]
[BlackRD "60"]
[GameID "412313"]

1. e4 e5 2. Nf3 Nc6 3. Bc4 Bc5 4. d3 Nf6 5. Bg5 h6 6. Bh4 d6 7. O-O Qe7 8. Nc3 O-O 9. a3 Be6 10. b4 Bd4
11. Nxd4 Nxd4 12. Ne2 Nxe2+ 13. Qxe2 Bxc4 14. dxc4 Qe6 15. f3 Nd7 16. Bg3 c5 17. b5 Nb6 18. a4 Qxc4 19. Qxc4 Nxc4 20. Bf2 f5
21. exf5 Rxf5 22. Rfd1 Rf6 23. h3 Kf7 24. Ra2 Ke7 25. Bh4 g5 26. Bf2 b6 27. Rd3 Rd8 28. c3 d5 29. Re2 Rfd6 30. Bg3 Re6
31. Re1 e4 32. fxe4 Rxe4 33. Rxe4+ dxe4 34. Rxd8 Kxd8 35. Bb8 h5 36. Kf2 Kc8 37. Bg3 Kb7 38. h4 g4 39. Ke2 a6 40. bxa6+ Kxa6
41. Bf4 Ka5 42. Kd1 Kxa4 43. Kc2 b5 44. Bg5 b4 45. cxb4 cxb4
0-1

[Event "'Blitz' for Under 1800"]
[Site "SchemingMind.com"]
[Date "2017.04.03"]
[Round "-"]
[White "Quaff"]
[Black "Iucounu"]
[Result "1-0"]
[WhiteCountry "ENG"]
[BlackCountry "ENG"]
[WhiteElo "1651"]
[WhiteRD "63"]
[BlackElo "1537"]
[BlackRD "67"]
[GameID "412434"]

1. e4 Nf6 2. e5 Nd5 3. c4 Nb6 4. a4 a5 5. d4 d6 6. f4 dxe5 7. fxe5 Nc6 8. Be3 Bf5 9. Nf3 e6 10. Be2 Nb4
11. Na3 Nc6 12. O-O Bb4 13. Nb5 Na7 14. Nxa7 Rxa7 15. d5 exd5 16. Bxb6 cxb6 17. cxd5 Bc5+ 18. Kh1 O-O 19. Bc4 Kh8 20. d6 h6
21. b3 Qd7 22. Nd4 Bxd4 23. Qxd4 Be6 24. Bxe6 Qxe6 25. Qxb6 Rfa8 26. Qb5 Kg8 27. Rac1 Rc8 28. Rxc8+ Qxc8 29. Qd5 b6 30. Qd4 Qd8
31. Qf2 Rb7 32. Qf3 Rd7 33. Qf5 g6 34. Qf4 Kg7 35. h3 g5 36. Qf6+ Qxf6 37. Rxf6
1-0

[Event "'Blitz' for Under 1800"]
[Site "SchemingMind.com"]
[Date "2017.04.03"]
[Round "-"]
[White "Iucounu"]
[Black "emvarela"]
[Result "0-1"]
[WhiteCountry "ENG"]
[BlackCountry "ARG"]
[WhiteElo "1537"]
[WhiteRD "67"]
[BlackElo "1748"]
[BlackRD "60"]
[GameID "412435"]

1. e4 e5 2. Nf3 Nc6 3. Bb5 a6 4. Ba4 Nf6 5. O-O Nxe4 6. d4 Be7 7. dxe5 Nc5 8. Bxc6 bxc6 9. Re1 Ne6 10. Nc3 d6
11. exd6 cxd6 12. b3 Bf6 13. Bb2 O-O 14. Rb1 Re8 15. Ne4 Bxb2 16. Rxb2 d5 17. Ng3 Nc5 18. Rxe8+ Qxe8 19. b4 Ne4 20. Nxe4 dxe4
21. Qe1 Bf5 22. Nd4 Qe5 23. c3 Qd5 24. Nxf5 Qxf5 25. Re2 Re8 26. Qb1 Qd5 27. a4 Qc4 28. Re3 f5 29. f4 Rd8 30. a5 Rd2
31. Qc1 Qa2 32. Rg3 Qd5 33. Re3 Rd1+
0-1

[Event "'Blitz' for Under 1800"]
[Site "SchemingMind.com"]
[Date "2017.04.03"]
[Round "-"]
[White "Phillip Beckett"]
[Black "Iucounu"]
[Result "1/2-1/2"]
[WhiteCountry "ENG"]
[BlackCountry "ENG"]
[WhiteElo "1593"]
[WhiteRD "64"]
[BlackElo "1537"]
[BlackRD "67"]
[GameID "412436"]

1. e4 Nf6 2. Nc3 d5 3. exd5 Nxd5 4. Bc4 e6 5. Qf3 Nb4 6. Bb3 N8c6 7. a3 Nd4 8. Qd1 Nxb3 9. cxb3 Nd3+ 10. Kf1 Nxc1
11. Rxc1 Be7 12. Nb5 c6 13. Nc3 O-O 14. Nge2 Bf6 15. g3 g6 16. Kg2 b6 17. Ne4 Bxb2 18. Rxc6 Bb7 19. Rc4 Bxe4+ 20. Rxe4 Bxa3
21. Rd4 Qc7 22. Nc3 Qb7+ 23. Kg1 Bb2 24. Rd3 Bxc3 25. dxc3 Qc8 26. c4 Rd8 27. Rxd8+ Qxd8 28. Kg2 f6 29. Re1 e5 30. Qxd8+ Rxd8
31. Ra1 a5 32. c5 bxc5 33. Rxa5 Rc8 34. Ra6 f5 35. Re6 e4 36. Kf1 Kf7 37. Rd6 Ke7 38. Ra6 Rc7 39. Rb6 Kf7 40. Ke2 Kg7
41. Ke3 h6 42. f3 exf3 43. Kxf3 g5 44. Ke3 h5 45. h3 c4 46. bxc4 Rxc4 47. Rb5 Kf6 48. Rb6+ Kg7 49. Rb7+ Kg6 50. Rb6+ Kg7
51. Rb7+ Kg6 52. Rb6+ Kg7 53. Rb7+
1/2-1/2

[Event "'Blitz' for Under 1800"]
[Site "SchemingMind.com"]
[Date "2017.04.03"]
[Round "-"]
[White "Iucounu"]
[Black "Scooter"]
[Result "0-1"]
[WhiteCountry "ENG"]
[BlackCountry "USA"]
[WhiteElo "1582"]
[WhiteRD "76"]
[BlackElo "1707"]
[BlackRD "53"]
[GameID "412437"]

1. e4 c6 2. d4 d5 3. Nc3 dxe4 4. Nxe4 Bf5 5. Ng3 Bg6 6. h4 h6 7. Nf3 Nd7 8. h5 Bh7 9. Bd3 Bxd3 10. Qxd3 Qc7
11. Bd2 Ngf6 12. O-O-O O-O-O 13. Ne4 e6 14. g3 Nxe4 15. Qxe4 Nf6 16. Qe2 Be7 17. Ne5 Bd6 18. Bf4 Bxe5 19. dxe5 Nd5 20. a3 Nxf4
21. gxf4 Rxd1+ 22. Rxd1 Rd8 23. Rxd8+ Kxd8 24. Qd3+ Ke7 25. c4 c5 26. b4 cxb4 27. axb4 Qd7 28. Qxd7+ Kxd7 29. Kc2 Kc6 30. Kd3 b6
31. Kd4 a6 32. f3 g6 33. hxg6 fxg6
0-1

[Event "'Blitz' for Under 1800"]
[Site "SchemingMind.com"]
[Date "2017.04.03"]
[Round "-"]
[White "Iucounu"]
[Black "Wojtek26"]
[Result "1-0"]
[WhiteCountry "ENG"]
[BlackCountry "POL"]
[WhiteElo "1537"]
[WhiteRD "67"]
[BlackElo "1567"]
[BlackRD "50"]
[GameID "412438"]

1. e4 e5 2. Nf3 Nc6 3. Bb5 Nge7 4. Nc3 a6 5. Ba4 b5 6. Bb3 g6 7. O-O Bg7 8. d3 O-O 9. Bg5 d6 10. Nd5 h6
11. Nxe7+ Nxe7 12. Bxe7 Qxe7 13. Bd5 Rb8 14. a3 Bb7 15. Bxb7 Rxb7 16. b4 f5 17. Nd2 Qf6 18. exf5 Qxf5 19. Ne4 Rbb8 20. Rc1 Qe6
21. c4 bxc4 22. dxc4 Rf4 23. f3 Rbf8 24. Qd5 Qxd5 25. cxd5 R4f7 26. Rc6 Ra8 27. Rfc1 a5 28. b5 Rb8 29. a4 h5 30. Rxc7 Rxc7
31. Rxc7 Bh6 32. Nxd6 Be3+ 33. Kf1 Bf4 34. g3 Bd2 35. Rc8+ Rxc8 36. Nxc8 Kf7 37. Ke2 Bb4 38. d6 Ke6 39. b6 Bxd6 40. Nxd6 Kxd6
41. Ke3 Kc6 42. Ke4 Kxb6 43. Kxe5 Kc5 44. Kf6 Kb4 45. Kxg6 Kxa4 46. f4 Kb3 47. f5 a4 48. f6 a3 49. f7 a2 50. f8=Q a1=Q
51. Qf7+ Kc2 52. Qc4+ Kd2 53. Kxh5 Qh8+ 54. Kg4 Qg7+ 55. Kh3 Qh6+ 56. Qh4 Qe6+ 57. g4 Qe3+ 58. Qg3 Qh6+ 59. Kg2 Qc6+ 60. Qf3 Qg6
61. h4 Qh7 62. Kg3 Qg6 63. h5 Qg8 64. h6 Qg6 65. Qf4+ Kc3 66. g5 Qe6 67. Qf6+
1-0

[Event "'Blitz' for Under 1800"]
[Site "SchemingMind.com"]
[Date "2017.04.05"]
[Round "-"]
[White "Phillip Beckett"]
[Black "newfischer78"]
[Result "0-1"]
[WhiteCountry "ENG"]
[BlackCountry "USA"]
[WhiteElo "1585"]
[WhiteRD "62"]
[BlackElo "1701"]
[BlackRD "102"]
[GameID "412522"]

1. e4 e5 2. Nf3 Nc6 3. Bb5 f6 4. Bxc6 bxc6 5. Nxe5 fxe5 6. Qh5+ g6 7. Qxe5+ Qe7 8. Qxh8 Qxe4+ 9. Kd1 Qxg2 10. Re1+ Ne7
11. Qe5 d6 12. Qe4 Bg4+ 13. f3 Bxf3+
0-1

[Event "'Blitz' for Under 1800"]
[Site "SchemingMind.com"]
[Date "2017.04.06"]
[Round "-"]
[White "newfischer78"]
[Black "Wojtek26"]
[Result "0-1"]
[WhiteCountry "USA"]
[BlackCountry "POL"]
[WhiteElo "1635"]
[WhiteRD "85"]
[BlackElo "1567"]
[BlackRD "50"]
[GameID "412523"]

1. e4 e5 2. Nf3 Nc6 3. d4 exd4 4. Bc4 Nf6 5. Ng5 d5 6. exd5 Na5 7. Qxd4 Nxc4 8. Qxc4 Nxd5 9. O-O Be7 10. Re1 O-O
11. Re5 Nb6 12. Qe2 Bd6 13. Re3 Qxg5 14. Nc3 Bf4 15. Rg3 Qh6 16. Bxf4 Qxf4 17. Rg4 Bxg4 18. f3 Qd4+ 19. Kh1 Bh5 20. Rd1 Qf6
21. Ne4 Qxb2 22. g4 Bg6 23. h4 f6 24. h5 Bxe4 25. fxe4 Qxa2 26. h6 Rf7 27. hxg7 Rxg7 28. e5 fxe5 29. Qxe5 Qxc2 30. Rf1 Qc6+
31. Kh2 Qh6+ 32. Kg3 Qd6 33. Rf5 Qxe5+ 34. Rxe5 Rd8 35. g5 h6 36. Kf4 Rd4+ 37. Ke3 Rd1 38. Ke2 Rh1 39. gxh6 Rxh6 40. Re8+ Kh7
41. Kf3 Nd5 42. Ra8 a6 43. Ke4 Nf6+ 44. Kd4 Rg8 45. Ra7 Rb8 46. Ke5 Nd7+ 47. Kd5 Rd6+ 48. Kc4 Kg6 49. Kb4 Rc6 50. Ka5 Rb6
0-1

[Event "'Blitz' for Under 1800"]
[Site "SchemingMind.com"]
[Date "2017.04.05"]
[Round "-"]
[White "newfischer78"]
[Black "Quaff"]
[Result "0-1"]
[WhiteCountry "USA"]
[BlackCountry "ENG"]
[WhiteElo "1635"]
[WhiteRD "85"]
[BlackElo "1651"]
[BlackRD "63"]
[GameID "412524"]

1. e4 e5 2. Nf3 d6 3. Nc3 Nf6 4. Bc4 h6 5. d4 exd4 6. Nxd4 Bd7 7. O-O Nc6 8. Nxc6 Bxc6 9. Bd5 Nxd5 10. Nxd5 Bxd5
11. exd5 Be7 12. Re1 O-O 13. Qe2 Bf6 14. c3 Qd7 15. Bf4 Rfe8 16. Qd2 Be5 17. Bxe5 dxe5 18. Re3 c6 19. Rd1 Rad8 20. d6 Re6
21. Rd3 e4 22. Rd4 f5 23. Qf4 Rf6 24. Qe5 Qe6 25. Qxe6+ Rxe6 26. d7 Kf7 27. f3 e3 28. Re1 Ke7 29. Rd3 f4 30. Rd4 g5
31. h4 Rxd7 32. hxg5 Rxd4 33. cxd4 hxg5 34. Kh2 Rh6+ 35. Kg1 Kd6 36. b3 Kd5 37. Rc1 Kxd4 38. Rd1+ Kc5 39. Rd7 Kb6 40. a4 a5
41. Rg7 Rh5 42. Kf1 Rh1+ 43. Ke2 Rb1 44. Rxg5 Rxb3 45. Rg4 Rb4 46. g3 Rxa4 47. gxf4 Rb4 48. Kxe3 a4 49. Rg2 a3 50. Ra2 Ra4
51. f5 Kc7 52. f4 b5 53. Kd3 Rxf4 54. Ke3 Rxf5 55. Rxa3 Kb6 56. Ra8 Rd5 57. Rf8 b4 58. Ke4 b3 59. Rf3 Rb5 60. Kd4 b2
61. Rf1 b1=Q 62. Rxb1 Rxb1 63. Kc3 Kb5 64. Kc2 Rb4 65. Kc3 c5 66. Kc2 c4 67. Kc3 Ka4 68. Kc2 Rb3 69. Kc1 Rh3 70. Kd1 c3
71. Kc2 Ka3 72. Kb1 Kb3
0-1

[Event "'Blitz' for Under 1800"]
[Site "SchemingMind.com"]
[Date "2017.04.05"]
[Round "-"]
[White "emvarela"]
[Black "newfischer78"]
[Result "0-1"]
[WhiteCountry "ARG"]
[BlackCountry "USA"]
[WhiteElo "1748"]
[WhiteRD "60"]
[BlackElo "1635"]
[BlackRD "85"]
[GameID "412525"]

1. e4 e5 2. Nf3 Nc6 3. Bb5 d6 4. d4 Bd7 5. Nc3 exd4 6. Nxd4 Nxd4 7. Bxd7+ Qxd7 8. Qxd4 Nf6 9. Be3 Be7 10. O-O-O c5
11. Qd3 b6 12. Nd5 Nxd5 13. Qxd5 Rc8 14. e5 Qf5 15. exd6 Qxd5 16. Rxd5 Rd8 17. Re1 Rxd6 18. Rxd6 Bxd6 19. Bxc5+ Kd7 20. Bxd6 Kxd6
21. Kd2 Rd8 22. Re3 Kc5+ 23. Rd3 Rd4 24. c3 Rxd3+ 25. Kxd3 f5 26. g3 b5 27. b3 Kd5 28. c4+ bxc4+ 29. bxc4+ Kc5 30. Kc3 a5
31. f3 g5 32. h4 f4 33. gxf4 gxh4 34. f5 h3 35. f6 Kd6 36. f7 Ke7
0-1

[Event "'Blitz' for Under 1800"]
[Site "SchemingMind.com"]
[Date "2017.04.05"]
[Round "-"]
[White "Scooter"]
[Black "newfischer78"]
[Result "1-0"]
[WhiteCountry "USA"]
[BlackCountry "USA"]
[WhiteElo "1707"]
[WhiteRD "53"]
[BlackElo "1701"]
[BlackRD "102"]
[GameID "412526"]

1. d4 d5 2. Nf3 Nc6 3. Bf4 e6 4. e3 Bd6 5. Bxd6 Qxd6 6. c3 e5 7. dxe5 Nxe5 8. Nbd2 Bg4 9. Qa4+ Bd7 10. Bb5 c6
11. Be2 Nxf3+ 12. Nxf3 c5 13. Bb5 Bxb5 14. Qxb5+ Qc6 15. Qxc6+ bxc6 16. Ne5 Ne7 17. Nd3 c4 18. Nc5 Rb8 19. b4 Rb5 20. a4 Rb8
21. O-O Ng6 22. e4 Nf4 23. exd5 Nxd5 24. Rfe1+ Kd8 25. Rad1 Re8 26. Kf1 Rxe1+ 27. Kxe1 Kc8 28. Rd4 Nxc3 29. Rxc4 Nd5 30. Re4 Rxb4
31. Re8+ Kc7 32. Na6+ Kd7 33. Ra8 Rb1+ 34. Ke2 Nc3+ 35. Kd3 Nxa4 36. Rxa7+ Kd6 37. Rxf7 Nc5+ 38. Nxc5 Kxc5 39. Rxg7 Kd5 40. Rxh7 c5
41. Rh5+ Kd6 42. Kc2 Rf1 43. Rf5 Rh1 44. h3 Rh2 45. Rg5 Rh1 46. f4 Rf1 47. g3 c4 48. h4 Rf3 49. h5 Ke7 50. h6 Rd3
51. h7 Rd8 52. Rg8
1-0

[Event "'Blitz' for Under 1800"]
[Site "SchemingMind.com"]
[Date "2017.04.05"]
[Round "-"]
[White "newfischer78"]
[Black "Iucounu"]
[Result "1-0"]
[WhiteCountry "USA"]
[BlackCountry "ENG"]
[WhiteElo "1701"]
[WhiteRD "102"]
[BlackElo "1582"]
[BlackRD "76"]
[GameID "412527"]

1. e4 Nf6 2. Nc3 d5 3. e5 Nfd7 4. Nf3 e6 5. d4 c5 6. Bb5 Nc6 7. Bxc6 bxc6 8. dxc5 Bxc5 9. O-O O-O 10. Bg5 Be7
11. Bxe7 Qxe7 12. Re1 Bb7 13. Qd2 a6 14. Re3 c5 15. Ne2 a5 16. Rd1 c4 17. c3 a4 18. a3 Rfe8 19. Nf4 h6 20. Nd4 Nb8
21. Rde1 Nc6 22. Nxc6 Bxc6 23. Nh5 Qg5 24. Nxg7 Kxg7 25. Rg3 Kg6 26. Rxg5+ hxg5 27. Re3 Rg8 28. Rg3 f6 29. exf6 Kxf6 30. Qd4+ Kf7
31. Rf3+
1-0